Từ điển Hoa - Việt

Sách được soạn nhằm giúp cho nhu cầu học tập tiếng Hoa của người Việt, đặc biệt là trong giới sinh viên học sinh, ngày càng gia tăng.

Gorde:
Xehetasun bibliografikoak
Egile nagusia: Quang, Bình
Formatua: Liburua
Hizkuntza:Undetermined
Argitaratua: Hà Nội Thống kê 2006
Gaiak:
Etiketak: Etiketa erantsi
Etiketarik gabe, Izan zaitez lehena erregistro honi etiketa jartzen!
Thư viện lưu trữ: Trung tâm Học liệu Trường Đại học Cần Thơ
LEADER 00830nam a2200217Ia 4500
001 CTU_129391
008 210402s9999 xx 000 0 und d
020 |c 36000 
082 |a 495.1395922 
082 |b B312 
100 |a Quang, Bình 
245 0 |a Từ điển Hoa - Việt 
245 0 |c Quang Bình , Ngọc Lân 
260 |a Hà Nội 
260 |b Thống kê 
260 |c 2006 
520 |a Sách được soạn nhằm giúp cho nhu cầu học tập tiếng Hoa của người Việt, đặc biệt là trong giới sinh viên học sinh, ngày càng gia tăng. 
650 |a Chinese language,Tiếng Hoa 
650 |x Dictionaries ( Vietnamese ),Từ điển ( Tiếng Việt ) 
904 |i Giang 
980 |a Trung tâm Học liệu Trường Đại học Cần Thơ